000 00472nam a22001937a 4500
003 OSt
005 20241025112300.0
008 241025b |||||||| |||| 00| 0 eng d
040 _cMRSPTU
041 _aENG
082 _a633.1
_bBH-P
100 _aBhullar, Makhan Singh
245 _aPackage of Practices for Crops of Punjab KHARIF 2024
260 _aLudhiana
_bPAU
_c2024
300 _a191
650 _aAgriculture
700 _aSalaria, Amit
942 _2ddc
_cBK
_n0
999 _c10382
_d10382